000 00716nam a2200253Ia 4500
003 OSt
005 20221005081309.0
006 a|||||r|||| 00| 0
007 ta
008 221004b |||||||| |||| 00| 0 hin d
024 _a107658
037 _cTextual
040 _aCRL
_cCRL
_bhin
041 _2hin
_ahin
082 _aO152,3N18,1, 164P9
100 _aJainender Kumar Au.
_9610946
245 0 _aIstefa
260 _aNew Delhi
_bPurvodaya Prakashan India
_c2009
300 _a128p.
_ccm.
650 _aHINDI FICTION
700 _a Dharam Dev Swami Tr.
_9610947
942 _hO152,3N18,1, 164P9
_cTEXL
_2cc
999 _c987484
_d987484